[Event "Santa Cruz Monroy Memorial"]
[Site "Santa Cruz"]
[Date "2010.01.13"]
[Round "9"]
[White "Robles, Gustavo"]
[Black "Martinez, Ariel"]
[Result "0-1"]
[WhiteElo "2086"]
[BlackElo "2168"]
[PlyCount "74"]
[EventDate "2010.01.08"]
[EventType "tourn"]
[EventRounds "9"]
[EventCountry "BOL"]
[SourceTitle "CBM 134 Extra"]
[Source "ChessBase"]
[SourceDate "2010.03.03"]
[SourceVersion "1"]
[SourceVersionDate "2010.03.03"]
[SourceQuality "1"]

1. d4 f5 2. Nc3 Nf6 3. Bg5 g6 4. Bxf6 exf6 5. e4 fxe4 6. Nxe4 f5 7. Nd2 Bg7 8. Ngf3 0-0 9. Be2 d5 10. 0-0 c5 11. c3 Nd7 12. Bb5 cxd4 13. Nxd4 Ne5 14. N2f3 a6 15. Nxe5 Bxe5 16. Ba4 b5 17. Bb3 Bb7 18. Re1 Qd6 19. Nf3 Bf6 20. Qd3 Rad8 21. Rad1 b4 22. Nd4 bxc3 23. bxc3 Rfe8 24. Re2 Kf8 25. Rde1 Rxe2 26. Qxe2 Rc8 27. Qe3 Kg7 28. h4 Bxh4 29. Ne6+ Kg8 30. Qd4 Qe7 31. Bxd5 Bxd5 32. Qxd5 Kh8 33. Rb1 Re8 34. Nd4 Bxf2+ 35. Kf1 Bg3 36. Qf3 Qe1+ 37. Rxe1 Rxe1# 0-1

[Event "Santa Cruz Monroy Memorial"]
[Site "Santa Cruz"]
[Date "2010.01.09"]
[Round "3"]
[White "Robles, Gustavo"]
[Black "Monroy Carrizo, Javier"]
[Result "1/2-1/2"]
[WhiteElo "2086"]
[BlackElo "2041"]
[PlyCount "30"]
[EventDate "2010.01.08"]
[EventType "tourn"]
[EventRounds "9"]
[EventCountry "BOL"]
[SourceTitle "CBM 134 Extra"]
[Source "ChessBase"]
[SourceDate "2010.03.03"]
[SourceVersion "1"]
[SourceVersionDate "2010.03.03"]
[SourceQuality "1"]

1. d4 Nf6 2. Nf3 c5 3. c3 cxd4 4. cxd4 g6 5. Nc3 Bg7 6. Bg5 d5 7. e3 Nc6 8. Be2 0-0 9. 0-0 Bg4 10. h3 Bxf3 11. Bxf3 Rc8 12. Rc1 e6 13. Bxf6 Bxf6 14. Be2 a6 15. Re1 Re8 1/2-1/2

[Event "Santa Cruz Monroy Memorial"]
[Site "Santa Cruz"]
[Date "2010.01.08"]
[Round "1"]
[White "Campero, Ronald"]
[Black "Robles, Gustavo"]
[Result "1/2-1/2"]
[WhiteElo "2274"]
[BlackElo "2086"]
[PlyCount "29"]
[EventDate "2010.01.08"]
[EventType "tourn"]
[EventRounds "9"]
[EventCountry "BOL"]
[SourceTitle "CBM 134 Extra"]
[Source "ChessBase"]
[SourceDate "2010.03.03"]
[SourceVersion "1"]
[SourceVersionDate "2010.03.03"]
[SourceQuality "1"]

1. e4 e5 2. Nf3 Nc6 3. Bb5 a6 4. Bxc6 dxc6 5. d4 exd4 6. Qxd4 Qxd4 7. Nxd4 Bc5 8. Be3 Ne7 9. Nc3 Bxd4 10. Bxd4 0-0 11. Bc5 Re8 12. Bxe7 Rxe7 13. 0-0-0 Be6 14. Rhe1 Ree8 15. f3 1/2-1/2

[Event "Santa Cruz Hillman"]
[Site "Santa Cruz"]
[Date "2005.06.11"]
[Round "7"]
[White "Granda Zuniga, Julio E"]
[Black "Robles, Gustavo"]
[Result "1-0"]
[WhiteElo "2599"]
[BlackElo "2057"]
[PlyCount "69"]
[EventDate "2005.06.07"]
[EventType "tourn"]
[EventRounds "9"]
[EventCountry "BOL"]
[EventCategory "2"]
[SourceTitle "CBM 106 Extra"]
[Source "ChessBase"]
[SourceDate "2005.07.01"]
[SourceVersion "1"]
[SourceVersionDate "2005.07.01"]
[SourceQuality "1"]

1. d4 d5 2. Nf3 Nf6 3. g3 Nbd7 4. Bg2 e6 5. 0-0 Bd6 6. b3 0-0 7. Bb2 c6 8. Nbd2 Re8 9. c4 e5 10. cxd5 cxd5 11. dxe5 Nxe5 12. Nxe5 Bxe5 13. Bxe5 Rxe5 14. Nc4 Re8 15. Ne3 Be6 16. Qd4 Qa5 17. Rfd1 Rad8 18. a4 h6 19. Qb2 Rd7 20. Rd4 Red8 21. Rad1 b5 22. b4 Qb6 23. a5 Qb8 24. Qb3 Qb7 25. f4 g6 26. f5 gxf5 27. Rf1 Qc7 28. Nxf5 Qe5 29. Qd3 h5 30. Rdf4 Ne4 31. Nd4 Rc8 32. Nxe6 Qxe6 33. Bxe4 dxe4 34. Qxb5 Rd5 35. Qb7 1-0

[Event "Santa Cruz Hillman"]
[Site "Santa Cruz"]
[Date "2005.06.08"]
[Round "2"]
[White "Robles, Gustavo"]
[Black "Zambrana, Oswaldo"]
[Result "1-0"]
[WhiteElo "2057"]
[BlackElo "2472"]
[PlyCount "69"]
[EventDate "2005.06.07"]
[EventType "tourn"]
[EventRounds "9"]
[EventCountry "BOL"]
[EventCategory "2"]
[SourceTitle "CBM 106 Extra"]
[Source "ChessBase"]
[SourceDate "2005.07.01"]
[SourceVersion "1"]
[SourceVersionDate "2005.07.01"]
[SourceQuality "1"]

1. d4 d5 2. c4 c6 3. Nc3 Nf6 4. Nf3 e6 5. Bg5 h6 6. Bxf6 Qxf6 7. e3 Nd7 8. Qc2 g6 9. Rc1 Bg7 10. cxd5 exd5 11. Bd3 0-0 12. 0-0 Qe7 13. Rb1 Re8 14. b4 a6 15. a4 Nf8 16. b5 axb5 17. axb5 Be6 18. bxc6 bxc6 19. Na4 Nd7 20. Rfc1 Rec8 21. Nb6 Nxb6 22. Rxb6 Ra3 23. Ba6 Rc7 24. Rxc6 Rxc6 25. Qxc6 Bd7 26. Qb6 Rxe3 27. Ne5 Ra3 28. Nxd7 Qxd7 29. Bb5 Qe7 30. h3 Ra2 31. Bc6 Qh4 32. Bxd5 Qxf2+ 33. Kh1 Qxd4 34. Qxd4 Bxd4 35. Bxa2 1-0